000 00514cam a2200205ua 4500
001 11637
008 191014n ii |||gr||||Z||||||eng
020 _a9789350535950
040 _cMAIN
082 _a336.27140954
100 _aNamita Rajput,
_eAuthor.
245 _aGST In India
_cBy Namita Rajput
250 _a1st ed.
260 _aNew Delhi:
_bCyber Tech Publications,
_c2017.
300 _a208p.
653 _aPublic finance
653 _aGST in India
700 _aAmogh Talan,
_eAuthor.
942 _cBK
999 _c10449
_d10449